000
00352nam a22001217a 4500
082
_a
332.095957021 SBP
100
_a
State Bank of Pakistan
245
_a
Statistical Bulletin October 2011
260
_a
Karachi
_b
Statistics and Data Warehouse Deptt
_c
2011
300
_a
260p
942
_2
ddc
_c
BK
999
_c
586167
_d
586167